ბათუმის შოთა რუსთაველის სახელმწიფო უნივერსიტეტის ბიბლიოთეკა

Немецко-Русский политехнический словарь=DEUTSCH-RUSSISCHES POLYTECHNISCHES WORTERUCH. (ბიბ.ჩანაწერი № 38559)

000 -LEADER
fixed length control field 00690nam a2200217Ia 4500
001 - CONTROL NUMBER
control field 4660
003 - CONTROL NUMBER IDENTIFIER
control field GE_BSU
008 - FIXED-LENGTH DATA ELEMENTS--GENERAL INFORMATION
fixed length control field 181216s||||||||xx |||||||||||||| ||und||
040 ## - CATALOGING SOURCE
Transcribing agency GE_BSU
080 ## - UNIVERSAL DECIMAL CLASSIFICATION NUMBER
Universal Decimal Classification number 62(038)81"374.822=11=161.1
245 ## - TITLE STATEMENT
Title Немецко-Русский политехнический словарь=DEUTSCH-RUSSISCHES POLYTECHNISCHES WORTERUCH.
245 ## - TITLE STATEMENT
Remainder of title 110 000 терминов.
250 ## - EDITION STATEMENT
Edition statement 3-е изд. стереотип.
260 ## - PUBLICATION, DISTRIBUTION, ETC.
Place of publication, distribution, etc. М.
260 ## - PUBLICATION, DISTRIBUTION, ETC.
Name of publisher, distributor, etc. Рус. яз.
260 ## - PUBLICATION, DISTRIBUTION, ETC.
Date of publication, distribution, etc. 1984.
300 ## - PHYSICAL DESCRIPTION
Extent 864 стр. 23 см.
653 ## - INDEX TERM--UNCONTROLLED
Uncontrolled term Немецко-русский политехнический словарь.
942 ## - ADDED ENTRY ELEMENTS (KOHA)
Koha item type წიგნი
ეგზემპლარები
Withdrawn status Lost status Damaged status Not for loan Date acquired Barcode Date last seen Price effective from Koha item type Public note
        2018-12-17 8404 2018-12-17 2018-12-17 წიგნი საცავი
        2018-12-17 8506 2018-12-17 2018-12-17 წიგნი საცავი
        2018-12-17 8407 2018-12-17 2018-12-17 წიგნი საცავი
        2018-12-17 8408 2018-12-17 2018-12-17 წიგნი საცავი
        2018-12-17 8409 2018-12-17 2018-12-17 წიგნი საცავი
        2018-12-17 8410 2018-12-17 2018-12-17 წიგნი საცავი
        2018-12-17 8411 2018-12-17 2018-12-17 წიგნი საცავი
        2018-12-17 8412 2018-12-17 2018-12-17 წიგნი საცავი
        2018-12-17 8413 2018-12-17 2018-12-17 წიგნი საცავი